The Historic Environment (Amendment) (Scotland) Act 2011 (Record no. 112102)

MARC details
000 -LEADER
fixed length control field 01306cad a22002055a 4500
001 - CONTROL NUMBER
control field E152548
008 - FIXED-LENGTH DATA ELEMENTS--GENERAL INFORMATION
fixed length control field 110328s2011 xxk f s000 0 eng d
035 ## - SYSTEM CONTROL NUMBER
System control number (Sirsi) u152548
041 0# - LANGUAGE CODE
Language code of text/sound track or separate title eng
110 2# - MAIN ENTRY--CORPORATE NAME
Corporate name or jurisdiction name as entry element Historic Scotland
9 (RLIN) 2914
245 04 - TITLE STATEMENT
Title The Historic Environment (Amendment) (Scotland) Act 2011
Remainder of title consultation on draft regulations
Medium [electronic resource]
260 ## - PUBLICATION, DISTRIBUTION, ETC.
Place of publication, distribution, etc. Edinburgh
Name of publisher, distributor, etc. Historic Scotland
Date of publication, distribution, etc. 2011
520 ## - SUMMARY, ETC.
Summary, etc. Seeks comments on four draft statutory instruments: The Ancient Monuments and Archaeological Areas (Compensation) (Scotland) Regulations 2011; The Ancient Monuments and Archaeological Areas (Applications for Scheduled Monument Consent) (Scotland) Regulations 2011; The Town and Country Planning (Listed Buildings) (Amount of Fixed Penalty) (Scotland) Regulations 2011; The Town and Country Planning (Listed Buildings) (Prescribed Forms of Notices) (Scotland) Regulations 2011.
590 ## - LOCAL NOTE (RLIN)
Local note KA
650 24 - SUBJECT ADDED ENTRY--TOPICAL TERM
Topical term or geographic name entry element HISTORIC ENVIRONMENT (AMENDMENT) (SCOTLAND) ACT 2011
651 #4 - SUBJECT ADDED ENTRY--GEOGRAPHIC NAME
Geographic name Scotland
Chronological subdivision 1999-
690 ## - LOCAL SUBJECT ADDED ENTRY--TOPICAL TERM (OCLC, RLIN)
Topical term or geographic name as entry element BUILT ENVIRONMENT-BUILDING TYPES-ANCIENT MONUMENTS AND HISTORIC BUILDINGS
856 40 - ELECTRONIC LOCATION AND ACCESS
Uniform Resource Identifier <a href="https://www.historic-scotland.gov.uk/index/about/consultations/historicenvironmentact2011.htm">https://www.historic-scotland.gov.uk/index/about/consultations/historicenvironmentact2011.htm</a>
Public note View the consultation free of charge at www.historic-scotland.gov.uk
942 ## - ADDED ENTRY ELEMENTS (KOHA)
Suppress in OPAC 0
Holdings
Withdrawn status Lost status Source of classification or shelving scheme Damaged status Not for loan Home library Current library Shelving location Date acquired Total Checkouts Full call number Barcode Date last seen Copy number Price effective from Koha item type
    Dewey Decimal Classification     Virtual Virtual Online 28/03/2011   ONLINE PUBLICATION 152548-1001 06/08/2019 1 06/08/2019 Book